<?xml version="1.0" encoding="UTF-8"?><?xml-stylesheet type="text/xsl" href="static/style.xsl"?><OAI-PMH xmlns="http://www.openarchives.org/OAI/2.0/" xmlns:xsi="http://www.w3.org/2001/XMLSchema-instance" xsi:schemaLocation="http://www.openarchives.org/OAI/2.0/ http://www.openarchives.org/OAI/2.0/OAI-PMH.xsd"><responseDate>2026-06-29T03:12:57Z</responseDate><request verb="GetRecord" identifier="oai:docta.ucm.es:20.500.14352/112212" metadataPrefix="marc">https://docta.ucm.es/rest/oai/request</request><GetRecord><record><header><identifier>oai:docta.ucm.es:20.500.14352/112212</identifier><datestamp>2025-03-18T14:41:49Z</datestamp><setSpec>com_20.500.14352_14</setSpec><setSpec>col_20.500.14352_20</setSpec></header><metadata><record xmlns="http://www.loc.gov/MARC21/slim" xmlns:dcterms="http://purl.org/dc/terms/" xmlns:xsi="http://www.w3.org/2001/XMLSchema-instance" xmlns:doc="http://www.lyncode.com/xoai" xsi:schemaLocation="http://www.loc.gov/MARC21/slim http://www.loc.gov/standards/marcxml/schema/MARC21slim.xsd">
   <leader>00925njm 22002777a 4500</leader>
   <datafield ind2=" " ind1=" " tag="042">
      <subfield code="a">dc</subfield>
   </datafield>
   <datafield ind2=" " ind1=" " tag="720">
      <subfield code="a">Mancha Cáceres, Olga Inmaculada</subfield>
      <subfield code="e">author</subfield>
   </datafield>
   <datafield ind2=" " ind1=" " tag="720">
      <subfield code="a">Mecha López, Rosa</subfield>
      <subfield code="e">author</subfield>
   </datafield>
   <datafield ind2=" " ind1=" " tag="720">
      <subfield code="a">Ramírez García, Susana</subfield>
      <subfield code="e">author</subfield>
   </datafield>
   <datafield ind2=" " ind1=" " tag="260">
      <subfield code="c">2022</subfield>
   </datafield>
   <datafield ind2=" " ind1=" " tag="520">
      <subfield code="a">Esta comunicación se centra en el análisis de los Sistemas Productivos Locales
(SPL) vitivinícolas históricos en relación con su dinamización turística, a partir de un estudio
comparativo de dos casos en la Península Ibérica: São João da Pesqueira (región portuguesa
del Duero) y Valdepeñas (región española de Castilla-La Mancha). Ambos SPL, integrados en
denominaciones de origen (DO) reconocidas, cuentan con museos del vino que promocionan
el patrimonio vitivinícola y aprovechan las Rutas del Vino como recurso enoturístico.
Utilizando una metodología que combina métodos cuantitativos y cualitativos, exploramos el
enoturismo en ambas zonas. Los resultados muestran el papel positivo que el enoturismo
puede desempeñar para diversificar la economía de las zonas rurales del interior de la
Península Ibérica.</subfield>
   </datafield>
   <datafield ind1="8" ind2=" " tag="024">
      <subfield code="a">Mancha Cáceres, Olga I.; Mecha López, Rosa; Ramírez García, Susana (2022) Sistemas productivos locales agroalimentarios tradicionales ligados al patrimonioturístico vitivinícola: Valdepeñas y São João da Pesqueira y sus museos del vino, una comparativa. En: Martín Jiménez, María Isabel; Plaza Gutiérrez, Juan Ignacio; Ramos Pérez, David. XVII Coloquio Ibérico de Geografía: Nuevas fronteras y nuevos horizontes en la Geografía Ibérica: políticas y transformaciones territoriales: Libro de Actas. Asociación de la Geografía Española.</subfield>
   </datafield>
   <datafield ind1="8" ind2=" " tag="024">
      <subfield code="a">978-84-124962-5-3</subfield>
   </datafield>
   <datafield ind1="8" ind2=" " tag="024">
      <subfield code="a">https://hdl.handle.net/20.500.14352/112212</subfield>
   </datafield>
   <datafield ind1="8" ind2=" " tag="024">
      <subfield code="a">https://www.age-geografia.es/site/wp-content/uploads/2022/08/ACTAS_V5_compressed.pdf</subfield>
   </datafield>
   <datafield ind1="8" ind2=" " tag="024">
      <subfield code="a">https://dialnet.unirioja.es/servlet/libro?codigo=871419</subfield>
   </datafield>
   <datafield ind2="0" ind1="0" tag="245">
      <subfield code="a">Sistemas productivos locales agroalimentarios tradicionales ligados al Patrimonio turístico vitivinícola: Valdepeñas y  São João da Pesqueira y sus museos del vino, una comparativa</subfield>
   </datafield>
</record></metadata></record></GetRecord></OAI-PMH>